000
00270nam a22001217a 4500
003
SGT
082
_a
616.995
_b
A12S
100
_a
SAHN,STEVEN A
245
_a
ACUTE EXACERBATION OF RESPIRATORY DISEASES
260
_a
INDIA
_b
JAYPEE
_c
2012
300
_a
196
942
_2
ddc
_c
BK
999
_c
14329
_d
14329